G.D. Birla Inaugration of Bits / (Record no. 46314)

MARC details
000 -LEADER
fixed length control field 00942njm a22002537a 4500
005 - DATE AND TIME OF LATEST TRANSACTION
control field 20100916160145.0
006 - FIXED-LENGTH DATA ELEMENTS--ADDITIONAL MATERIAL CHARACTERISTICS--GENERAL INFORMATION
fixed length control field a|||||r|||||00| 0
007 - PHYSICAL DESCRIPTION FIXED FIELD--GENERAL INFORMATION
fixed length control field sd ammalaaahaa
008 - FIXED-LENGTH DATA ELEMENTS--GENERAL INFORMATION
fixed length control field 100915t xxu||||| |||| 00| 0 eng d
028 ## - PUBLISHER NUMBER
Publisher number 45-QC.2024
Source Sri Ghanshyamdas Birla
035 ## - SYSTEM CONTROL NUMBER
System control number GR-02743
040 ## - CATALOGING SOURCE
Original cataloging agency SED
Transcribing agency SED
100 ## - MAIN ENTRY--PERSONAL NAME
9 (RLIN) 17455
Personal name Subbulakshmi, M.S.
245 ## - TITLE STATEMENT
Title G.D. Birla Inaugration of Bits /
Statement of responsibility, etc by M.S.Subbulakshmi
Medium [sound recording] :
260 ## - PUBLICATION, DISTRIBUTION, ETC. (IMPRINT)
Place of publication, distribution, etc Dum Dum, India
Name of publisher, distributor, etc Sri Ghanshyamdas Birla
Date of publication, distribution, etc 1964
300 ## - PHYSICAL DESCRIPTION
Extent 1 sound disc [Gramophone Recording]:
Other physical details analog, 45 rpm
Dimensions 7 in. (SP)
Type of unit Gramophone Record
500 ## - GENERAL NOTE
General note Brief Record
500 ## - GENERAL NOTE
General note Record labels :Sri Ghanshyamdas Birla,Orange
505 ## - FORMATTED CONTENTS NOTE
Formatted contents note Side-2 Piba re ramarasam (M.S.Subbulakshmi)
600 ## - SUBJECT ADDED ENTRY--PERSONAL NAME
Source of heading or term Subbulakshmi, M.S.
650 ## - SUBJECT ADDED ENTRY--TOPICAL TERM
Topical term or geographic name as entry element Film songs
Geographic subdivision India
9 (RLIN) 1186
General subdivision Excerpts
942 ## - ADDED ENTRY ELEMENTS (KOHA)
Source of classification or shelving scheme Dewey Decimal Classification
Item type Gramaphone Records
Holdings
Withdrawn status Lost status Source of classification or shelving scheme Damaged status Not for loan Collection code Home library Current library Date acquired Source of acquisition Total Checkouts Barcode Date last seen Copy number Price effective from Koha item type
    Dewey Decimal Classification   Not For Loan Non-fiction Central Library Central Library 16/09/2010 SED/VEN   GR-02743 16/09/2010 1 16/09/2010 Gramaphone Records

© Delhi Public Library
Hit Counter
free hit counter